Slovania - Avari - Maďari

Bibliographic Details
Main Author: Tomčíková, Katarína, 1949- (Author)
Format: Article
Language:Slovak
ISSN:1335-4353
Subjects:

MARC

LEADER 00000nab a2200000 a 4500
001 vtls009312145
003 SK-MaSNL
005 20260305003507.0
008 250507c2008 xo |||||| | ||00 b|slo
015 |a SNBRB2008/07  |2 snkbucl 
035 |a urn:nbn:sk:snk-ab7slf 
035 |a (urnnbn)urn:nbn:sk:snk:ar-002ma7 
035 |a (uuid)a299765c-b818-443e-949b-d3920a9a13d2 
038 |a SNKBUCL 
040 |a SNKBUCL  |b slo  |c SNKBUCL  |e AACR2 
041 0 |a slo  |b eng  |b ger 
044 |a xo  |c SK 
080 |a 94(437.6)  |x "05/10"  |2 1997 
080 |a 94(367)  |2 1997 
080 |a 94(=16)  |x (437.6)  |x "05/10"  |2 1997 
100 1 |a Tomčíková, Katarína,  |d 1949-  |4 aut  |9 232056 
245 1 0 |a Slovania - Avari - Maďari  |c Katarína Tomčíková 
504 |a Literatúra 
546 |a Res. angl., nem. 
648 7 |a 6.-11. stor.  |2 snkbucl  |9 406407 
650 0 7 |a Slovania  |2 snkbucl  |9 18587 
650 0 7 |a Maďari  |2 snkbucl  |9 18097 
650 0 7 |a Avari  |2 snkbucl  |9 236363 
650 0 7 |a raný stredovek  |2 snkbucl  |9 76105 
650 0 7 |a osídľovanie  |2 snkbucl  |9 31252 
651 7 |a Slovensko  |x dejiny  |2 snkbucl  |9 13278 
651 7 |a Avarský kaganát  |2 snkbucl  |9 79401 
651 7 |a Nitrianske kniežatstvo  |2 snkbucl  |9 56226 
651 7 |a Veľká Morava  |2 snkbucl  |9 66060 
651 7 |a Uhorsko  |2 snkbucl  |9 28673 
651 7 |a Panónska panva  |2 snkbucl  |9 62620 
773 0 |t Pamiatky a múzeá  |g Roč. 57, č. 1 (2008), s. 55-60  |x 1335-4353 
850 |a Slovenská národná knižnica 
852 |a Slovenská národná knižnica 
954 |a odborná, vedecká literatúra pôvodná (slovenská)  |2 lita 
958 |a article9 
958 |a OND 
958 |a NB 
958 |a SS 
958 |a EUIPO 
999 |c 3230601  |d 3232531